000 01246cam a22003134a 4500
001 12188852
003 OSt
005 20200421093817.0
008 000928s2001 ctu b 001 0 eng
010 _a 00049990
020 _a0300085230 (alk. paper)
020 _a0300085249 (pbk. : alk. paper)
040 _aDLC
_cDLC
_dDLC
042 _apcc
050 0 0 _aB3279.H483
_bE563 2001
082 0 0 _a110
_221
245 0 2 _aA companion to Heidegger's Introduction to metaphysics /
_cedited by Richard Polt and Gregory Fried.
260 _aNew Haven :
_bYale University Press,
_cc2001.
300 _axvii, 342 p. ;
_c24 cm.
504 _aIncludes bibliographical references (p. xiv-xvi) and index.
600 1 0 _aHeidegger, Martin,
_d1889-1976.
_tEinführung in die Metaphysik.
690 _2a
700 1 _aPolt, Richard F. H.,
_d1964-
_9592
700 1 _aFried, Gregory,
_d1961-
_9593
700 1 _aHeidegger, Martin,
_d1889-1976.
_tEinführung in die Metaphysik.
906 _a7
_bcbc
_corignew
_d1
_eocip
_f20
_gy-gencatlg
942 _2ddc
_cBK
999 _c30
_d30